<?xml version="1.0" encoding="UTF-8"?>
<record
    xmlns:xsi="http://www.w3.org/2001/XMLSchema-instance"
    xsi:schemaLocation="http://www.loc.gov/MARC21/slim http://www.loc.gov/standards/marcxml/schema/MARC21slim.xsd"
    xmlns="http://www.loc.gov/MARC21/slim">

  <leader>01430ngm a22002537a 4500</leader>
  <controlfield tag="005">20160701104955.0</controlfield>
  <controlfield tag="007">vd bvairk</controlfield>
  <controlfield tag="008">160701t20031942mx 102|a |||| s0| vleng d</controlfield>
  <datafield tag="050" ind1="0" ind2="4">
    <subfield code="a">PN1997 .C352</subfield>
    <subfield code="b">C37 2003</subfield>
  </datafield>
  <datafield tag="245" ind1="0" ind2="0">
    <subfield code="a">Casablanca </subfield>
    <subfield code="c">director, Michael Curtiz ; productor, Hal B. Wallis.</subfield>
    <subfield code="h">[videograbaci&#xF3;n] / </subfield>
  </datafield>
  <datafield tag="260" ind1=" " ind2=" ">
    <subfield code="a">M&#xE9;xico :</subfield>
    <subfield code="b">Warner Home Video M&#xE9;xico,</subfield>
    <subfield code="c">2003</subfield>
  </datafield>
  <datafield tag="300" ind1=" " ind2=" ">
    <subfield code="a">1 videodisco (103 min.) : </subfield>
    <subfield code="b">dolby digital, blanco y negro,</subfield>
    <subfield code="c"> 4 3/4 plg.</subfield>
    <subfield code="e">+ 1 DVD caracter&#xED;sticas especiales.</subfield>
  </datafield>
  <datafield tag="306" ind1=" " ind2=" ">
    <subfield code="a">000102</subfield>
  </datafield>
  <datafield tag="500" ind1=" " ind2=" ">
    <subfield code="a">Edici&#xF3;n especial con 2 discos</subfield>
  </datafield>
  <datafield tag="508" ind1=" " ind2=" ">
    <subfield code="a">Director de fotograf&#xED;a, Arthur Edeson ; editor, Owen Marks ; guionistas, Julius J. Philip G. Epstein, Howard Koch ; m&#xFA;sica Max Steiner.</subfield>
  </datafield>
  <datafield tag="511" ind1="1" ind2=" ">
    <subfield code="a">Humphrey Bogart, Ingrid Bergman, Paul Henreid, Claude Rains, Conrad Veidt, Sydney Greenstreet, Peter Lorre, S.Z. Sakall.</subfield>
  </datafield>
  <datafield tag="520" ind1=" " ind2=" ">
    <subfield code="a">En Casablanca, Marruecos en diciembre de 1941, un expatriado estadounidense c&#xED;nico se encuentra con un antiguo amante, con complicaciones imprevistas.</subfield>
  </datafield>
  <datafield tag="521" ind1=" " ind2=" ">
    <subfield code="a">Clasificaci&#xF3;n "A" </subfield>
  </datafield>
  <datafield tag="538" ind1=" " ind2=" ">
    <subfield code="a">DVD, regi&#xF3;n 4</subfield>
  </datafield>
  <datafield tag="546" ind1=" " ind2=" ">
    <subfield code="a">Ingl&#xE9;s, portugu&#xE9;s con subt&#xED;tulos en ingl&#xE9;s, espa&#xF1;ol, portugues, bahasa indonesia.</subfield>
  </datafield>
  <datafield tag="586" ind1=" " ind2=" ">
    <subfield code="a">Ganadora de tres premios de la academia: Mejor imagen,
mejor director Michael Curtiz, mejor gui&#xF3;n adaptado Julius J. Epstein Philip G. Epstein Howard Koch.
 </subfield>
  </datafield>
  <datafield tag="650" ind1="0" ind2="4">
    <subfield code="a">Romance</subfield>
    <subfield code="v">Drama</subfield>
    <subfield code="x">Guerra</subfield>
  </datafield>
  <datafield tag="942" ind1=" " ind2=" ">
    <subfield code="2">lcc</subfield>
    <subfield code="c">PEL</subfield>
  </datafield>
  <datafield tag="999" ind1=" " ind2=" ">
    <subfield code="c">117414</subfield>
    <subfield code="d">117414</subfield>
  </datafield>
  <datafield tag="952" ind1=" " ind2=" ">
    <subfield code="0">0</subfield>
    <subfield code="1">0</subfield>
    <subfield code="2">lcc</subfield>
    <subfield code="4">0</subfield>
    <subfield code="7">0</subfield>
    <subfield code="a">LIC-047</subfield>
    <subfield code="b">LIC-047</subfield>
    <subfield code="c">MA</subfield>
    <subfield code="d">2016-07-01</subfield>
    <subfield code="h">VBFP000082</subfield>
    <subfield code="l">1</subfield>
    <subfield code="o">PN1997.C352 C37 2003</subfield>
    <subfield code="p">VBFP000082</subfield>
    <subfield code="r">2017-08-21 00:00:00</subfield>
    <subfield code="s">2017-07-14</subfield>
    <subfield code="t">1</subfield>
    <subfield code="w">2016-07-01</subfield>
    <subfield code="y">PEL</subfield>
  </datafield>
</record>
